000 00282nam a22001337a 4500
008 170821b xxu||||| |||| 00| 0 eng d
020 _a015601520
041 _aeng
080 _a51
100 _a37
101 _aMAT
245 _aCOLLEGE ALGEBRA
_cIWAARDEN,J.L
942 _2udc
_cBK
999 _c24335
_d24335